Central Library and Information Centre
Sibsagar Girls' College, Sivasagar : Assam

COMPARATIVE POLITICS THEORY-A WORLD VIEW (Record no. 3600)

MARC details
000 -LEADER
fixed length control field 00469cam a2200193ua 4500
008 - FIXED-LENGTH DATA ELEMENTS--GENERAL INFORMATION
fixed length control field 131204n2006 II |||gr||||Z||||||eng
040 ## - CATALOGING SOURCE
Original cataloging agency MAIN
041 ## - LANGUAGE CODE
-- English
082 ## - DEWEY DECIMAL CLASSIFICATION NUMBER
Classification number 320.111 GAB
100 ## - MAIN ENTRY--PERSONAL NAME
Personal name GABRIEL, A.ALMOND.
245 ## - TITLE STATEMENT
Title COMPARATIVE POLITICS THEORY-A WORLD VIEW
260 ## - PUBLICATION, DISTRIBUTION, ETC.
Place of publication, distribution, etc. DELHI
Name of publisher, distributor, etc. PEARSON EDUCATION
Date of publication, distribution, etc. 2006
300 ## - PHYSICAL DESCRIPTION
Extent 808:
Dimensions 22CM.
700 ## - ADDED ENTRY--PERSONAL NAME
Personal name BINGHAM,G.
700 ## - ADDED ENTRY--PERSONAL NAME
Personal name POWELL,JR.
942 ## - ADDED ENTRY ELEMENTS (KOHA)
Koha item type Books
653 ## - INDEX TERM--UNCONTROLLED
Uncontrolled term POLITICAL THEORIES
Holdings
Withdrawn status Lost status Damaged status Not for loan Collection code Home library Current library Shelving location Date acquired Full call number Barcode Date last seen Copy number Price effective from Koha item type Public note
        TBPSC Central Library and Information Centre Sibsagar Girls College Central Library and Information Centre Sibsagar Girls College POLITICAL SC BOOK RACK 01.08.2006 320.111 GAB 21180 27.02.2020 1 27.02.2020 Books V


Sibsagar Girl's College © 2020. All rights reserved.
Powered by Koha.
Maintained by Abhijit Borpuzari.